Представление документа в формате MARC21

Поле Инд. ПП Название Значение
Тип записи a
Библиографический уровень b
001 Контрольный номер RU/IS/BASE/267801309
005 Дата корректировки 20220221115713.5
008 Кодируемые данные 20080626
040 b Код языка каталог. rus
e Правила каталог. PSBO
041 0_ a Код языка текста rus
084 a Индекс другой классификации/Индекс ББК 83.3(2=411.2)5
100 1_ a Автор Неверова Т. А.
245 10 a Заглавие Контекстуальная синонимия в языковой картине мира Д. С. Мережковского
504 a Библиография Библиогр.: с. 55
600 14 a Персоналии Мережковский Дмитрий Сергеевич
650 04 a Основная рубрика история литературы
a Основная рубрика литературоведение
a Основная рубрика филологические науки
653 1_ a Ключевые слова проза
a Ключевые слова синонимия
a Ключевые слова синонимия контекстуальная
a Ключевые слова триадичность
a Ключевые слова язык автора
a Ключевые слова языковая картина мира
773 08 t Заглавие источника Вестник Московского университета. Серия 9, Филология
d Дата издания источника 2007
g Прочая информация № 6. - С. 47 - 55
w Контрольный № источника RU/IS/BASE/261756589
901 t Тип документа b